Library Catalogue
St. Thomas' College (Autonomous),Thrissur

Whereabouts: a novel (Record no. 88876)

MARC details
000 -LEADER
fixed length control field 00412nam a2200181Ia 4500
003 - CONTROL NUMBER IDENTIFIER
control field STCL
008 - FIXED-LENGTH DATA ELEMENTS--GENERAL INFORMATION
fixed length control field 221019s9999 xx 000 0 und d
020 ## - INTERNATIONAL STANDARD BOOK NUMBER
International Standard Book Number 9780670095414
040 ## - CATALOGING SOURCE
Original cataloging agency STCL
Transcribing agency STCL
Language of cataloging EN
082 ## - DEWEY DECIMAL CLASSIFICATION NUMBER
Edition number 22
100 ## - MAIN ENTRY--PERSONAL NAME
Personal name Lahiri, Jhumpa
245 #0 - TITLE STATEMENT
Title Whereabouts: a novel
260 ## - PUBLICATION, DISTRIBUTION, ETC. (IMPRINT)
Name of publisher, distributor, etc. Penguin Books
Place of publication, distribution, etc. Haryana
Date of publication, distribution, etc. 2021
300 ## - PHYSICAL DESCRIPTION
Extent 157 p
365 ## - TRADE PRICE
Price amount 499
546 ## - LANGUAGE NOTE
Language note English
942 ## - ADDED ENTRY ELEMENTS (KOHA)
Koha item type Book
Source of classification or shelving scheme
Edition
Holdings
Withdrawn status Lost status Source of classification or shelving scheme Damaged status Not for loan Home library Current library Shelving location Date acquired Total Checkouts Total Renewals Full call number Barcode Date last seen Date last checked out Price effective from Koha item type
          Santhome Athenaeum Santhome Athenaeum General Stacks 19/10/2022 9 2 813.6 LAH-W 97834 12/08/2025 30/07/2025 19/10/2022 Book
The Librarian
St. Thomas' College (Autonomous),
Thrissur - 680 001, Kerala, INDIA


Phone: +91 487 2420435    Ext: 1006   |    E-mail: stctlib@gmail.com    |    Web: http://stthomas.ac.in